00540nam a2200169Ia 4500008004100000020001500041041001200056082001600068100000800084245004100092260002900133300000800162650001600170942000700186999001300193952016400206221030s9999 xx 000 0 und d a8176566128 aEnglish a105.23bBPB aBPB 0aMicroprocessor Data Handbookcby BPB bBPB PubaNew Delhic2003 a844 aBE Computer cBK c643d643 pBE 6848g297.00l0o105.23 BPBr2024-06-13 00:00:00w2022-10-30yBK003Print40718RaMIETLIBbMIETLIBcBL-Second, FL-1, CUP-23, SH-2, R-2d2003-06-2710HBE